Languages of the British Isles on a Map - Statistics

General Stats
  • This quiz has been taken 172 times
  • The average score is 6 of 7
Answers on the Map
Answers color-coded by a green-red scale on the quiz's map according to % correct below.
 
Answer Stats
Answer % Correct
English
100%
Irish
99%
Welsh
95%
Scottish Gaelic
89%
Cornish
87%
Manx
81%
Scots
79%
No matching quizzes found
Score Distribution
Percent of People with Each Score
Percentile by Number Answered
Your Score History
You have not taken this quiz